000 00618nam a22001817a 4500
005 20251108165307.0
008 250721s1986 xx 000 0 ara d
082 1 4 _a958.104/محم
100 1 _aعمر، محمد ذيان
245 1 0 _aإحتلال أفغانستان :
_bإحتمالات الحل السلمي : دراسة تحليلية /
264 1 _aالقاهرة :
_bالهيئة المصرية العامة للكتاب،
_c1986.
300 _a65ص
490 0 _aالمكتبة الثقافية ؛ 404
650 1 7 _aأفغانستان
650 1 7 _aالتاريخ
942 _2ddc
_cBK
999 _c24349
_d24349